[Event "SVK-ch U10"]
[Site "Liptovsky Mikulas"]
[Date "2018.04.23"]
[Round "4"]
[White "Kocan, Dominik"]
[Black "Mauks, Oleg"]
[Result "0-1"]
[WhiteElo "1000"]
[BlackElo "1000"]
[PlyCount "50"]
[EventDate "2018.04.21"]
[EventType "swiss"]
[EventRounds "9"]
[EventCountry "SVK"]
[SourceTitle "CBM 184 Extra"]
[Source "ChessBase"]
[SourceDate "2018.06.28"]
[SourceVersion "1"]
[SourceVersionDate "2018.06.28"]
[SourceQuality "1"]

1. e4 e5 2. Nf3 Bc5 3. Nxe5 Qf6 4. Ng4 Qd4 5. f3 h5 6. c3 Qd6 7. d4 Bb6 8. e5 Qe7 9. Ne3 d6 10. Nd5 Qh4+ 11. g3 Qd8 12. Bb5+ c6 13. Nxb6 axb6 14. Bd3 dxe5 15. dxe5 Ra5 16. f4 h4 17. Qf3 c5 18. Nd2 Nh6 19. Nb3 Bg4 20. Qxb7 Qxd3 21. Qxb8+ Ke7 22. Kf2 Rxb8 23. Nxa5 Qf3+ 24. Kg1 Rd8 25. Nc4 Rd1# 0-1

[Event "SVK-ch U08"]
[Site "Liptovsky Mikulas"]
[Date "2017.04.26"]
[Round "7"]
[White "Gollner, Martin"]
[Black "Kocan, Dominik"]
[Result "0-1"]
[WhiteElo "1000"]
[BlackElo "1000"]
[PlyCount "64"]
[EventDate "2017.04.22"]
[EventType "swiss"]
[EventRounds "9"]
[EventCountry "SVK"]
[SourceTitle "CBM 178 Extra"]
[Source "ChessBase"]
[SourceDate "2017.06.22"]
[SourceVersion "1"]
[SourceVersionDate "2017.06.22"]
[SourceQuality "1"]

1. e4 e5 2. Nf3 Nc6 3. Bc4 Nf6 4. d3 d6 5. 0-0 Bg4 6. h3 Bxf3 7. Qxf3 g6 8. Bg5 Be7 9. Nc3 0-0 10. Bh6 Re8 11. Bb5 a6 12. Bxc6 bxc6 13. Rfe1 Rb8 14. b3 Nh5 15. Re3 Qd7 16. a3 a5 17. a4 Rb6 18. Ne2 c5 19. c4 Reb8 20. Rb1 Rxb3 21. Rc1 Qxa4 22. Rc3 Qa1+ 23. Rc1 Rb1 24. Kf1 Rxc1+ 25. Nxc1 Qxc1+ 26. Re1 Qc2 27. Re2 Rb1+ 28. Re1 Rb4 29. Kg1 Qc3 30. Re3 Rb1+ 31. Kh2 Qc1 32. g3 Qg1# 0-1